00388nam a2200145 a 450000100080000000500110000800800410001910000230006024500400008326000470012330000100017049000260018065000090020670000270021519393442012-11-09 1977 bl uuuu u0uu1 u #d1 aDARLEY SALAZAR, R. aEl cultivo de la soya en el Tolima. aEspinal: Centro experimental Nataimac1977 a11 p. a(Boletin tecnico, 1). aSoja1 aOLIVERIO CÁRDENAS, G.